Los cuarenta silencios (Record no. 113942)

MARC details
000 -LEADER
campo de control de longitud fija 00618nam a2200205 4500
001 - NÚMERO DE CONTROL
campo de control 113942
003 - IDENTIFICADOR DE NÚMERO DE CONTROL
campo de control ES-MaACL
005 - FECHA Y HORA DE LA ÚLTIMA TRANSACCIÓN
campo de control 20240418112139.0
007 - CAMPO FIJO DE DESCRIPCIÓN FÍSICA--INFORMACIÓN GENERAL
campo de control de longitud fija t|
008 - DATOS DE LONGITUD FIJA--INFORMACIÓN GENERAL
campo de control de longitud fija 061121s1973 sp r ||||1| spa d
100 1# - ENTRADA PRINCIPAL--NOMBRE DE PERSONA
Nombre de persona Palma, Marigloria.
9 (RLIN) 88613
245 14 - MENCIÓN DEL TÍTULO
Título Los cuarenta silencios
Resto del título : (burlismo) /
Mención de responsabilidad, etc. Marigloria Palma.
260 ## - PUBLICACIÓN, DISTRIBUCIÓN, ETC.
Lugar de publicación, distribución, etc. Carboneras de Guadazaón (Cuenca) :
Nombre del editor, distribuidor, etc. El Toro de Barro,
Fecha de publicación, distribución, etc. 1973.
300 ## - DESCRIPCIÓN FÍSICA
Extensión 66 p. ;
Dimensiones 18 cm.
490 1# - MENCIÓN DE SERIE
Mención de serie El toro de barro ;
Designación de volumen o secuencia 27
830 0# - PUNTO DE ACCESO ADICIONAL DE SERIE-TÍTULO UNIFORME
Título uniforme Colección El Toro de Barro ;
Designación de volumen o secuencia 27
9 (RLIN) 226760
852 ## - LOCALIZACIÓN
Ubicación ES-MaACL
Número de control de estantería C-56211
Sublocalización o colección R.88869
942 ## - ELEMENTOS DE ENTRADA SECUNDARIOS (KOHA)
Fuente del sistema de clasificación o colocación Clasificación decimal universal
Holdings
Estatus retirado Estado de pérdida Estado de daño No para préstamo Biblioteca de origen Biblioteca actual Ubicación en estantería Fecha de adquisición Fuente de adquisición Total de préstamos Signatura topográfica completa Código de barras Visto por última vez Precio de reemplazo Tipo de ítem Koha
        Biblioteca del Ateneo de Madrid Biblioteca del Ateneo de Madrid Depósito 2 17/01/2008     C-56211 1118830 23/02/2023 23/02/2023 Libro impreso